00681nam a2200193 a 450000100100000000500170001000800410002702000150006804000250008308200150010810000350012324500610015826000640021930000210028349000230030483000300032795201130035799900170047000004255220201002040230.0140127s2000 sp 000 p spa d a8484500268 aDO-SdBNPbspacBNPHU axxxbA694a1 aArgullol, Rafael,d1949-9874710aAventura :buna filosofía nómada /cRafael Argullol. aBarcelona, España :bPlaza & Janés,bDebolsillo,c2000. a213 p. ;c17 cm.1 aCírculo cuadrado 0aCírculo cuadrado969798 001050718MOaGRbGRcCTd2014-01-27iLF1l0oxxx A694ap42552-10r2020-06-25w2020-06-25y1ZNo se presta c42041d42041